| 000 | 00435nam a2200157 a 4500 | ||
|---|---|---|---|
| 001 | 3371 | ||
| 003 | CDMR | ||
| 005 | 20131128122539.0 | ||
| 008 | 130130s ||||||||||||||||||||||||||||d | ||
| 040 |
_aCDMR _bcat _cCDMR |
||
| 100 | 1 |
_aBalcells, Josep Maria _92431 |
|
| 245 | 1 | 0 | _aRevistes dels catalans a les Amèriques |
| 260 |
_aBarcelona _bComissió catalana del Cinquè Centenari |
||
| 650 | 0 | 4 |
_94401 _aRevistes catalanes |
| 942 |
_cMON _2udc |
||
| 999 |
_c3371 _d3371 |
||